000 01127cam a2200313 i 4500
005 20230614134426.0
008 140723s2014 inua b 001 0 eng
010 _a 2014946680
020 _a9781118930847
040 _aDLC
_beng
_erda
_cDLC
042 _apcc
050 0 0 _b.G733 2014
082 0 4 _a005.44769
_223
_bGRE-C
100 1 _aGregg, Michael
_q(Michael C.),
245 1 0 _aCASP compTIA advanced security practitioner :
_bstudy guide (exam cas-002) /
_cMichael Gregg.
250 _aSecond edition.
260 _aCanada
_bWiley
_c2014
264 1 _aIndianapolis, Indiana :
_bJohn Wiley & Sons,
_c[2014]
300 _alxiv, 559 pages :
_billustrations ;
_c24 cm
336 _atext
_2rdacontent
337 _aunmediated
_2rdamedia
338 _avolume
_2rdacarrier
504 _aIncludes bibliographical references and index.
650 0 _aComputer security
_xExaminations
_vStudy guides.
650 0 _aElectronic data processing personnel
_xCertification
_vStudy guides.
906 _a7
_bcbc
_corignew
_d2
_eepcn
_f20
_gy-gencatlg
999 _c18754
_d18754